| 000 | 01555nam a2200385Ia 4500 | ||
|---|---|---|---|
| 001 | ebr10251371 | ||
| 003 | CaPaEBR | ||
| 006 | m u | ||
| 007 | cr cn||||||||| | ||
| 008 | 070828s2008 ilua sb 000 0 eng d | ||
| 010 | _z 2007035574 | ||
| 020 | _z1567932819 (alk. paper) | ||
| 020 | _z9781567932812 (alk. paper) | ||
| 040 |
_aCaPaEBR _cCaPaEBR |
||
| 035 | _a(OCoLC)263357110 | ||
| 050 | 1 | 4 |
_aRA971 _b.S616 2008eb |
| 100 | 1 |
_aSmith, Amy C., _d1964- |
|
| 245 | 1 | 0 |
_aGoing lean _h[electronic resource] : _bbusting barriers to patient flow / _cAmy C. Smith, Robert Barry, Clifford E. Brubaker. |
| 260 |
_aChicago, IL : _bHealth Administration Press, _cc2008. |
||
| 300 |
_axiv, 191 p. : _bill. |
||
| 490 | 1 | _aAmerican College of Healthcare Executives management series | |
| 504 | _aIncludes bibliographical references. | ||
| 533 |
_aElectronic reproduction. _bPalo Alto, Calif. : _cebrary, _d2009. _nAvailable via World Wide Web. _nAccess may be limited to ebrary affiliated libraries. |
||
| 650 | 0 |
_aHealth facilities _xAdministration. |
|
| 650 | 0 |
_aHospital care _xQuality control. |
|
| 650 | 0 | _aHospital utilization. | |
| 650 | 0 | _aPatient satisfaction. | |
| 650 | 0 | _aTotal quality management. | |
| 655 | 7 |
_aElectronic books. _2local |
|
| 700 | 1 |
_aBarry, Robert, _d1938 Dec. 29- |
|
| 700 | 1 | _aBrubaker, Cliff. | |
| 710 | 2 | _aebrary, Inc. | |
| 830 | 0 | _aManagement series (Ann Arbor, Mich.) | |
| 856 | 4 | 0 |
_uhttp://site.ebrary.com/lib/rucke/Doc?id=10251371 _zAn electronic book accessible through the World Wide Web; click to view |
| 999 |
_c35821 _d35821 |
||